Godsmack Songs - Statistics

General Stats
  • This quiz has been taken 32 times
    17 since last reset
  • The average score is 27 of 92
Answer Stats
Album Song % Correct
Godsmack (1998) Voodoo
94%
When Legends Rise (2018) When Legends Rise
94%
Awake (2000) Awake
88%
Faceless (2003) Faceless
82%
1000hp (2014) 1000hp
76%
Faceless (2003) I Stand Alone
76%
When Legends Rise (2018) Bulletproof
65%
Lighting Up the Sky (2023) Lighting Up the Sky
65%
The Oracle (2010) The Oracle
65%
The Oracle (2010) Cryin' Like a Bitch
59%
Godsmack (1998) Keep Away
59%
When Legends Rise (2018) Under Your Scars
53%
Godsmack (1998) Whatever
47%
Godsmack (1998) Bad Religion
41%
Faceless (2003) I Fucking Hate You
41%
Godsmack (1998) Moon Baby
41%
Lighting Up the Sky (2023) Surrender
41%
The Oracle (2010) Whiskey Hangover
41%
Faceless (2003) Re-Align
35%
Faceless (2003) Serenity
35%
IV (2006) Speak
35%
Faceless (2003) Straight Out of Line
35%
Lighting Up the Sky (2023) You And I
35%
1000hp (2014) Generation Day
29%
Godsmack (1998) Get Up, Get Out!
29%
Awake (2000) Greed
29%
Faceless (2003) I Am
29%
Godsmack (1998) Immune
29%
The Oracle (2010) Love-Hate-Sex-Pain
29%
Awake (2000) Mistakes
29%
Godsmack (1998) Someone In London
29%
Godsmack (1998) Stress
29%
Godsmack (1998) Time Bomb
29%
Lighting Up the Sky (2023) Truth
29%
When Legends Rise (2018) Unforgettable
29%
Awake (2000) Vampires
29%
IV (2006) Voodoo Too
29%
Awake (2000) Bad Magick
24%
Lighting Up the Sky (2023) Best of Times
24%
Faceless (2003) Changes
24%
Lighting Up the Sky (2023) Hell's Not Dead
24%
IV (2006) Mama
24%
IV (2006) One Rainy Day
24%
Lighting Up the Sky (2023) Red White & Blue
24%
IV (2006) Shine Down
24%
Awake (2000) Sick of Life
24%
When Legends Rise (2018) Someday
24%
1000hp (2014) Something Different
24%
Lighting Up the Sky (2023) Soul on Fire
24%
IV (2006) The Enemy
24%
Lighting Up the Sky (2023) What About Me
24%
1000hp (2014) What's Next?
24%
IV (2006) Bleeding Me
18%
Faceless (2003) Dead and Broken
18%
The Oracle (2010) Devil's Swing
18%
When Legends Rise (2018) Every Part of Me
18%
When Legends Rise (2018) Eye of the Storm
18%
1000hp (2014) FML
18%
The Oracle (2010) Forever Shamed
18%
Awake (2000) Forgive Me
18%
Awake (2000) Goin' Down
18%
The Oracle (2010) Good Day to Die
18%
Lighting Up the Sky (2023) Growing Old
18%
IV (2006) Hollow (ft. Lisa Guyer)
18%
When Legends Rise (2018) Just One Time
18%
When Legends Rise (2018) Let It Out
18%
Lighting Up the Sky (2023) Let's Go
18%
1000hp (2014) Living in the Gray
18%
IV (2006) Livin' in Sin
18%
IV (2006) No Rest for the Wicked
18%
Godsmack (1998) Now or Never
18%
The Oracle (2010) Saints and Sinners
18%
When Legends Rise (2018) Say My Name
18%
The Oracle (2010) Shadow of a Soul
18%
Godsmack (1998) Situation
18%
Awake (2000) Spiral
18%
When Legends Rise (2018) Take It to the Edge
18%
IV (2006) Temptation
18%
Faceless (2003) The Awakening
18%
Awake (2000) The Journey
18%
1000hp (2014) Turning to Stone
18%
The Oracle (2010) War and Peace
18%
The Oracle (2010) What If?
18%
The Oracle (2010) I Blame You
12%
1000hp (2014) I Don't Belong
12%
1000hp (2014) Life Is Good!
12%
1000hp (2014) Locked & Loaded
12%
Faceless (2003) Make Me Believe
12%
1000hp (2014) Nothing Comes Easy
12%
Faceless (2003) Releasing the Demons
12%
Awake (2000) Trippin'
12%
The Oracle (2010) The Departed
6%
No matching quizzes found
Score Distribution
Percent of People with Each Score
Percentile by Number Answered
Your Score History
You have not taken this quiz since the last reset